La psicología en el ámbito de la salud en México : investigación y aplicación del conocimiento /

En esta obra se presentan las aportaciones profesionales de investigadores de la psicología de la salud en México, con respecto al tratamiento psicoterapéutico de las principales enfermedades crónicas del país (cáncer, diabetes, VIH, obesidad, adiciones).

Guardado en:
Detalles Bibliográficos
Autor principal: Piña López, Julio Alfonso (coord.)
Otros autores: Ibarra Sagarduy, José Luis (coordinación) (coordinación)
Formato: Libro
Idioma:Español
Publicado: Tampico, México : México : Universidad Autónoma de Tamaulipas ; Plaza y Valdés, 2015, c2015
Temas:
Etiquetas: Agrega una etiqueta
Sin etiquetas, Sé el primero en etiquetar este registro!

MARC

LEADER 00000nam^a2200000^a^4500
001 000385730
005 20250521000000.0
009 20260310120941.732
020 |a 978-607-7654-76-6 
037 |a Acervo ITESO - Biblioteca 
041 |a ESP 
082 |a 159. 0972  |b PIÑ 
100 |a Piña López, Julio Alfonso  |e (coord.) 
245 1 3 |a La psicología en el ámbito de la salud en México :  |b investigación y aplicación del conocimiento /  |c Coord. de J.A. Piña López, J.L. Ibarra Sagarduy. 
264 4 |a Tampico, México :  |b Universidad Autónoma de Tamaulipas ;  |a México :  |b Plaza y Valdés,  |c 2015, c2015 
300 |a 330 p. 
336 |a texto  |b txt  |2 rdacontenido 
337 |a sin mediación  |b n  |2 rdamedio 
338 |a volumen  |b nc  |2 rdasoporte 
520 |a En esta obra se presentan las aportaciones profesionales de investigadores de la psicología de la salud en México, con respecto al tratamiento psicoterapéutico de las principales enfermedades crónicas del país (cáncer, diabetes, VIH, obesidad, adiciones). 
649 |a XX 
650 |a SIDA -  |x Tratamiento 
650 |a Cáncer -  |x Tratamiento 
650 |a Obesidad -  |x Tratamiento 
650 |a Diabetes -  |x Tratamiento 
650 |a Adicciones -  |x Tratamiento 
650 |a Enfermedades Crónicas -  |z México -  |x Tema Principal 
650 |a Enfermedades Crónicas -  |x Tratamiento 
650 |a Enfermedades -  |x Aspectos Psicológicos -  |x Tema Principal 
650 |a Enfermedades -  |x Tratamiento 
650 |a Psicología de la Salud -  |z México -  |x Investigación -  |x Tema Principal 
650 |a Psicología de la Salud -  |z México -  |x Tema Pricipal 
650 |a Psicología de la Salud 
650 |a Psicología Clínica 
700 |a Ibarra Sagarduy, José Luis  |e (coordinación) 
910 |a Fondo General 
920 |a Impresos - Libros 
930 |a Colección General 
905 |a 101 
901 |a 0500280210  |b IT1  |c ACC  |i D83243  |u 20250521 
901 |a 0500280214  |b IT1  |c ACC  |i D83242  |u 20250521 
902 |a https://opac.biblio.iteso.mx/vufind/Record/000385730